000
00255nam a2200097Ia 4500
001
967721
005
20250826220329.0
008
250824s9999 xx 000 0 und d
245
0
_a
HAYATA DÖN
_c
GÜLSEREN BUDAYICIOĞLU
260
_b
REMZİ KİTABEVİ YAYINLARI
999
_c
967721
_d
967721